| 000 | 01291nam a22003017a 4500 | ||
|---|---|---|---|
| 005 | 20251104085625.0 | ||
| 008 | 251031b mx ||||| |||| 00| 0 spa d | ||
| 020 | _a9786071524676 | ||
| 050 | 0 | 4 |
_aQC311 _bC46 2025 |
| 100 | 1 | _aCengel, Yunus A. | |
| 240 | 1 | 0 |
_aThermodynamics : an engineering approach. _lEspañol. |
| 245 | 1 | 0 |
_aTermodinámica _c/ Yunus A. Cengel, Michael A. Boles, Mehmet Kanoglu ; revisión técnica José Emiliano Martínez Ordaz,...[et al.] ; traductores Jesús Elmer Murrieta Murrieta, Leticia Esther Pineda Ayala. |
| 250 | _a5a ed. | ||
| 260 |
_aMéxico : _bMcGraw-Hill Interamericana Editores, _c2025. |
||
| 300 |
_axxiii, 710 p. : _bil. ; _c28 cm. |
||
| 500 | _a5a ed. en español de la 10a ed. en inglés | ||
| 500 | _aIncluye Indice | ||
| 650 | 7 |
_2lemb _aTermodinámica |
|
| 700 | 1 |
_aBoles, Michael A., _eautor |
|
| 700 | 1 |
_aKanoglu, Mehmet, _eautor |
|
| 700 | 1 |
_aMartínez Ordaz, José Emiliano, _erevisor técnico |
|
| 700 | 1 |
_aMendoza Álvarez, Ernesto Alejandro, _erevisor técnico |
|
| 700 | 1 |
_aMartínez Quíroz, Marisela, _erevisor técnico |
|
| 700 | 1 |
_aGonzález Joaquín, Marion César, _erevisor técnico |
|
| 700 | 1 |
_aMurrieta Murrieta, Jesús Elmer, _etraductor |
|
| 700 | 1 |
_aPineda Ayala, Leticia Esther, _etraductor |
|
| 942 |
_2lcc _cLIB |
||
| 999 |
_c107113 _d107113 |
||